75 Types Of Sports - Statistics

General Stats
  • This quiz has been taken 172 times
  • The average score is 30 of 75
Answer Stats
Sport % Correct
Basketball
97%
Football
95%
Tennis
91%
Baseball
90%
Soccer
89%
Swimming
85%
Ice Hockey
83%
Volleyball
75%
Cricket
71%
Rugby
71%
Badminton
70%
Table Tennis
70%
Gymnastics
67%
Wrestling
66%
Boxing
65%
Golf
65%
Skiing
64%
Archery
61%
Lacrosse
56%
Softball
56%
Water Polo
55%
Cycling
54%
Diving
52%
Curling
50%
Handball
50%
Track And Field
50%
Bowling
49%
Polo
49%
Snowboarding
49%
Rowing
47%
Field Hockey
45%
Fencing
44%
Surfing
44%
Cross Country
42%
Shooting
42%
Darts
41%
Pickleball
40%
Pool
40%
Skateboarding
38%
Martial Arts
37%
Sailing
37%
Netball
35%
Figure Skating
34%
Squash
34%
Dance
33%
Fishing
33%
Kayaking
33%
Rock Climbing
33%
Dodgeball
28%
Croquet
25%
Cheerleading
22%
BMX
21%
Ultimate Frisbee
18%
Racquetball
17%
Skydiving
17%
Mountain Biking
16%
Water Skiing
16%
Kickball
15%
Powerlifting
14%
Rounders
13%
Wake Boarding
13%
Bocce
12%
Tetherball
11%
Frisbee Golf
10%
Hang Gliding
10%
T-Ball
10%
Foosball
9%
Equine Sports
6%
Wallyball
6%
White Water Rafting
6%
Floor Hockey
5%
Deck Shuffleboard
4%
Broomball
3%
Horseshoes
3%
Team Handball
3%
No matching quizzes found
Score Distribution
Percent of People with Each Score
Percentile by Number Answered
Your Score History
You have not taken this quiz